000
00294nam a22001337a 4500
008
180205b xxu||||| |||| 00| 0 eng d
020
_a
0130130715557
041
_a
eng
080
_a
316
100
_a
50
101
_a
SOC
245
_a
BECOMING OD PRACTITIONER
_c
ERIC.H.N
942
_2
udc
_c
BK
999
_c
41740
_d
41740